Tekst piosenki ''Autobiografia'' - Statystyki

Ogólne statystyki
  • Ten quiz został rozwiązany 616 razy
  • Średni wynik to 52 z 72
Statystyki odpowiedzi
Tekst: Brakujące Słowa: % Poprawnych
Miałem ... lat Dziesięć
98%
I nie mogłem w nocy ... Spać
97%
Gdy ... o nim świat Usłyszał
97%
... kawiarniany gwar W
96%
Znów się można ... śmiać Było
94%
W mej ... był nasz klub Piwnicy
93%
Za kilka ... Lat
92%
Mnie paznokieć z ... zszedł Palca
92%
Mieć u ... cały świat Stóp
92%
Ale ... przyświecał nam cel Jeden
90%
A w sobotnią ... Noc
90%
Było nas ... Trzech
90%
W każdym z nas ... krew Inna
89%
Każdy z ... ich pięćset miał Nas
89%
Poróżniła ... Nas
89%
... odnowy wiał Wiatr
89%
I dyskusje ... świt Po
88%
I poznałem co to ... Seks
86%
I ja ... chciałem grać Też
86%
Jakże się chciało ...! Żyć
86%
Ojciec, Bóg wie ... Gdzie
85%
Zamiast nowej ... jeans Pary
85%
Martenowski ... piec Stawiał
83%
... Blue Suede Shoes Usłyszałem
82%
... radio zniósł Kumpel
81%
Ktoś ... w nos Dostał
80%
Darowano reszty ... Kar
80%
Nie zapukał ... na czas Nikt
78%
Że kłopoty mogą ... Być
77%
I dostałem ..., com chciał To
77%
Każdy by się ... dał Zabić
74%
Takie rzeczy, że jeszcze mi ... Wstyd
73%
Klezmer ... mi grać Kazał
72%
Alpagi ... Łyk
72%
Grałem ... różnych bzdur Milion
72%
Za jej ... Raksy twarz Poli
72%
Pocztówkowy ... Szał
72%
Odkręciła ... Gaz
71%
... w bród Wszystkiego
71%
Był Luxembourg, ..., szkło Chata
70%
Gdzieś na ... wyniosłem koc Dach
70%
To ... się ktoś Popłakał
69%
Ja jej, że ... mam Egzamin
68%
W pewną ... noc Letnią
67%
I ... mówię już nic Nie
67%
... mi Powiedziała
67%
... działo się Coś
66%
Jak tornado ... się wdarł Jazz
66%
Znów jak ..., byłem sam Pies
66%
Pokonałem się ... Sam
64%
Przechrapałem ... czas Swój
62%
... mnie życie jak nikt Nauczyło
61%
Z gryfu został ... Wiór
61%
... dnia Pewnego
60%
Nie ... nic Umiem
60%
... czas Najlepszy
59%
Do ... ścian Czterech
58%
..., że ja Zrozumiałem
58%
Spija ... z mych ust Słowa
57%
Tysięczny ... Tłum
55%
Otwieram ... Drzwi
54%
Stu różnych ... Ról
54%
Czym ... mój ból Ugasić
54%
Oto wyśnił się ... mój sen Wielki
54%
... mnie Kochają
53%
Mówi: "na ... mam Taśmie
46%
To jak w ... im rodzi się śpiew" Gardłach
44%
W wyrku na ... Wznak
44%
Niecierpliwy w nas ciskał się ... Duch
43%
W knajpie dla ... Braw
42%
W ... fan Hotelu
33%
... mnie tam! Słuchaj
32%
Nie znaleziono quizów pasujących do podanych kryteriów
Rozkład punktacji
Procent ludzi z każdym wynikiem
Percentyl według liczby udzielonych odpowiedzi
Twoja historia wyników
Nie rozwiązałeś tego quizu